Control and Prediction of Solid-State of Pharmaceuticals Experimental and Computational Approaches /

This thesis investigates a range of experimental and computational approaches to the discovery of solid forms. It illustrates an inexpensive, practical and accurate way to predict the crystallizability of organic compounds based on molecular structure alone, while also highlighting the molecular fac...

Full description

Bibliographic Details
Main Author: Bhardwaj, Rajni Miglani (Author)
Corporate Author: SpringerLink (Online service)
Format: Electronic eBook
Language:English
Published: Cham : Springer International Publishing : Imprint: Springer, 2016.
Edition:1st ed. 2016.
Series:Springer Theses, Recognizing Outstanding Ph.D. Research,
Subjects:
Online Access:Full Text via HEAL-Link
LEADER 03307nam a22004935i 4500
001 978-3-319-27555-0
003 DE-He213
005 20160203021545.0
007 cr nn 008mamaa
008 160201s2016 gw | s |||| 0|eng d
020 |a 9783319275550  |9 978-3-319-27555-0 
024 7 |a 10.1007/978-3-319-27555-0  |2 doi 
040 |d GrThAP 
050 4 |a QD450-882 
072 7 |a PNR  |2 bicssc 
072 7 |a SCI013050  |2 bisacsh 
082 0 4 |a 541  |2 23 
100 1 |a Bhardwaj, Rajni Miglani.  |e author. 
245 1 0 |a Control and Prediction of Solid-State of Pharmaceuticals  |h [electronic resource] :  |b Experimental and Computational Approaches /  |c by Rajni Miglani Bhardwaj. 
250 |a 1st ed. 2016. 
264 1 |a Cham :  |b Springer International Publishing :  |b Imprint: Springer,  |c 2016. 
300 |a XXXVII, 238 p. 121 illus., 44 illus. in color.  |b online resource. 
336 |a text  |b txt  |2 rdacontent 
337 |a computer  |b c  |2 rdamedia 
338 |a online resource  |b cr  |2 rdacarrier 
347 |a text file  |b PDF  |2 rda 
490 1 |a Springer Theses, Recognizing Outstanding Ph.D. Research,  |x 2190-5053 
505 0 |a Introduction -- Aims and Objectives -- Materials and Methods -- Development and Validation of High_Throughput Crystallization and Analysis (HTCAA) Methodology for Physical Form Screening -- Predicting Crystallizability of Organic Molecules using Statistical Modelling Techniques -- Exploring Crystal Structure Landscape of Olanzapine -- Exploring the Physical Form Landscape of Clozapine, Amoxapine and Loxapine -- Conclusions and Further Work. 
520 |a This thesis investigates a range of experimental and computational approaches to the discovery of solid forms. It illustrates an inexpensive, practical and accurate way to predict the crystallizability of organic compounds based on molecular structure alone, while also highlighting the molecular factors that inhibit or promote crystallization. Furthermore, readers will gain a better understanding of the key factors underpinning solid-state structure and diversity. A major part of the thesis highlights experimental work carried out on two structurally very similar compounds, while another main section examines the influence of small changes in structure and substituents on solid-state structure and diversity using computational tools including crystal structure prediction, PIXEL calculations, Xpac, Mercury and statistical modelling tools. In closing, the author presents a fast validated method for solid-state form screening using Raman microscopy on multi-well plates to explore the experimental crystallization space. 
650 0 |a Chemistry. 
650 0 |a Pharmaceutical technology. 
650 0 |a Physical chemistry. 
650 0 |a Chemistry, Physical and theoretical. 
650 1 4 |a Chemistry. 
650 2 4 |a Physical Chemistry. 
650 2 4 |a Pharmaceutical Sciences/Technology. 
650 2 4 |a Theoretical and Computational Chemistry. 
710 2 |a SpringerLink (Online service) 
773 0 |t Springer eBooks 
776 0 8 |i Printed edition:  |z 9783319275543 
830 0 |a Springer Theses, Recognizing Outstanding Ph.D. Research,  |x 2190-5053 
856 4 0 |u http://dx.doi.org/10.1007/978-3-319-27555-0  |z Full Text via HEAL-Link 
912 |a ZDB-2-CMS 
950 |a Chemistry and Materials Science (Springer-11644)